Normal view
MARC view
Entry Topical Term
001 - CONTROL NUMBER
- control field: 17287
003 - CONTROL NUMBER IDENTIFIER
- control field: OSt
005 - DATE AND TIME OF LATEST TRANSACTION
- control field: 20240617100450.0
008 - FIXED-LENGTH DATA ELEMENTS
- fixed length control field: 240617|| aca||aabn | a|a d
040 ## - CATALOGING SOURCE
- Original cataloging agency: OSt
- Transcribing agency: OSt
150 ## - HEADING--TOPICAL TERM
- Topical term or geographic name entry element: Eddies
- General subdivision: Mathematical models
670 ## - SOURCE DATA FOUND
- Source citation: Work cat.: (OSt)8511: Sagaut, Pierre, 1967- 17285, Large eddy simulation for incompressible flows :, 2006.
